000 01063cam a2200217 4500
001 WB3817-05
008 020508n2002 000 0 eng u
035 _a(Sirsi) u117885
245 _aOccupiers reluctant to move
260 _c2002
490 _aBarings, Houston and Saunders News Release
_v 1 May 2002, (2)
520 _aA recent report from BH&S predicts that occupier demand is likely to remain low with businesses reluctant to move. Retailers had more confidence, with 19% expecting to increase space in 2002: BH&S forecasts that, consequently the retail sector will perform best in 2002. However BH&S warned that major relocations by banks Barclays and Allen & Overy will release City office space in 2003. http://www.baringhoustonsaunders.com/pr1maycpf9.html
590 _aWB
650 _aPROPERTY-COMMERCIAL PROPERTY-OFFICE PROPERTY-OFFICE PROPERTY MARKET
650 _aOFFICE SPACE TAKE-UP
650 _aCITY OF LONDON
650 _aCENTRAL LONDON
650 _aCORPORATE PROPERTY
690 _aPROPERTY-COMMERCIAL PROPERTY
942 _n0
999 _c70208
_d70208